000 00950nam a22002297a 4500
999 _c18772
_d18772
003 AR-CdUCM
008 190511b ||||| |||| 00| 0 spa d
040 _aMUNICIPALIDAD PROVINCIAL DEL CUSCO
_cBIBLIOTECA MUNICIPAL DEL CUSCO
082 _a345.7 /
_bT22
100 _aTaramona H., José Rubén
_939567
245 _aDerecho procesal civil :
_bTeoría general del proceso /
260 _aLima :
_bHuallaga,
_c1996.
300 _a1144 páginas ;
_c21 cm.
505 _aContenido: t.1: Introducción al derecho procesal civil -- Proceso -- Principios procesales -- Audiencia de pruebas -- Medios probatorios -- Medios probatorios típicos -- Declaración de parte -- Declaraciones de testigos...
650 _aDerecho procesal civil
_927080
650 _aPerú
_935
650 _aDeclaración de testigos
_939568
650 _aMedios probatorios
_939569
650 _aPersonas jurídicas
_95350
942 _2ddc
_cLIBROS
945 _awnts
_d2019-05-15